000 00589cam a2200205 4500
008 090401t1997 xxu||||| |||| 00| 0 eng d
020 _a1870325915
035 _a(Sirsi) u86559
041 0 _aeng
050 0 4 _a510 $2 18
100 1 _aAllan, Arthur
245 0 0 _aMaths for map makers
260 _aLatheronwheel
_bWhittles
_c1997
300 _axiii, 305p.
_c24cm.
350 _a19.95
520 _aSuperseeded by second edition (ISBN 1870325990).
690 _aENVIRONMENTAL AND LAND CONSULTANCY-GEOMATICS-MAPPING AND POSITIONING-CARTOGRAPHY
942 _n0
948 _c02/06/1998
999 _c97142
_d97142